El Madrynazo /

La guerra de Malvinas representó una bisagra en la historia argentina. ¿Cómo reaccionó la sociedad después del conflicto? ¿Qué visibilidad tuvo Malvinas en los primeros años de la transición democrática? ¿Cómo se elaboró socialmente la guerra en distintas regiones del país? Para abordar alguna de la...

Descripción completa

Guardado en:
Autor Principal: Desalvo, Martín
Autor Corporativo: Canal Encuentro.
Otros Autores: Parodi, Teresa; Narración.
Formato: Deslizar
Publicado: Argentina, 2012
Series:Pensar Malvinas
Materias:
Acceso en línea:https://www.educ.ar/recursos/103498/el-madrynazo
Etiquetas: Agregar Etiqueta
Sin Etiquetas, Sea el primero en etiquetar este registro!
LEADER 01461ngm a22003015g 4500
001 CEM.cems023818
008 130507s2012##################0###0#####d
005 20250704140805.0
245 1 0 |a El Madrynazo /  |c Martín Desalvo. 
260 |a Argentina,  |c 2012 
300 |a 26'. 
490 0 |a Pensar Malvinas 
520 |a La guerra de Malvinas representó una bisagra en la historia argentina. ¿Cómo reaccionó la sociedad después del conflicto? ¿Qué visibilidad tuvo Malvinas en los primeros años de la transición democrática? ¿Cómo se elaboró socialmente la guerra en distintas regiones del país? Para abordar alguna de las dimensiones que suponen estos interrogantes, nos detenemos en un episodio poco indagado de aquellos años: el Madrynazo, una movilización popular que, en 1984, tuvo como objetivo impedir el aprovisionamiento de una flota norteamericana en Puerto Madryn. 
538 |a Soporte: DVD - Color: Si - Grabación DRD 
500 |a Consultar en ventanilla. 
100 1 |a Desalvo, Martín 
700 1 |a Parodi, Teresa; Narración. 
710 2 |a Canal Encuentro. 
082 9 8 |/ DES 
653 |a HISTORIA 
653 |a HISTORIA ARGENTINA 
653 |a MALVINAS 
653 |a ATLANTICO SUR 
653 |a GUERRA DE MALVINAS 
653 |a EX-COMBATIENTES 
653 |a SERIE DE TELEVISIÓN 
856 |u https://www.educ.ar/recursos/103498/el-madrynazo 
859 |a CEMS  |b BIB. CEMS - Depto. Recursos Didacticos  |h 982  |i DES  |k DRD  |p 2461.15  |t Ej.1